000 00397pam a2200121a 44500
008 230405s2006 xxu||||| |||| 00| 0 eng d
041 _aMAR
100 _aसदानंद कदम आणि रविंद्र पिंगे
245 _aआजचा दिनविशेष
260 _aपुणे
_bराजहंस प्रकाशन
_c2006
300 _a432p.
906 _a8665
999 _c299164
_d299164